Výplatné termíny

Ako správne aplikovať Zákonník práce v prípade dohodnutia výplatných termínov a zákon o daniach z príjmov v prípade zrazenia a odvedenia preddavkov na daň, resp. dane z príjmov zo skutočne vyplatených miezd.

Enregistré dans:
Détails bibliographiques
Auteur principal: Valicová, Viera
Format: Chapitre de livre
Langue:slovaque
Sujets:
Tags: Ajouter un tag
Pas de tags, Soyez le premier à ajouter un tag!

MARC

LEADER 00000naa a2200000 4500
001 r048779
005 20231003090044.4
041 0 |a slo 
044 |a SK 
245 1 0 |a Výplatné termíny  |c Viera Valicová 
520 |a Ako správne aplikovať Zákonník práce v prípade dohodnutia výplatných termínov a zákon o daniach z príjmov v prípade zrazenia a odvedenia preddavkov na daň, resp. dane z príjmov zo skutočne vyplatených miezd. 
610 2 0 |a mzdy 
610 2 0 |a dane z príjmov 
610 2 0 |a preddavky 
610 2 0 |a odvody 
610 2 0 |a penále 
100 1 |a Valicová, Viera